| 000 | 00371nam a2200133Ia 4500 | ||
|---|---|---|---|
| 005 | 20250729165807.0 | ||
| 008 | 250729s2017 xx 000 0 und d | ||
| 041 | _aeng | ||
| 082 | _a540 DEPB | ||
| 100 |
_aDepartment of P U Education _9233127 |
||
| 245 | _aBiology I P U C Text Book | ||
| 260 |
_aBangalore _bDepartment of P U Education _c2017 |
||
| 650 |
_aBiology _9233128 |
||
| 999 |
_c240126 _d240126 |
||